1089 1719 1973 1260 1637 1347 1344 1053 1346 1582 1412 1537 1409 1773 1830 1757 1153 1729 1926 1927 1226 1746 1164 1690 1596 1446 1342 1979 1020 1731 1091 1770 1964 1370 1487 1451 1571 1284 1996 1246 1245 1600 1676 1339 1330 1546 1557 1667 1813 1409 1333 1012 1057 1640 1271 1645 1578 1104 1825 1950 1514 1577 1811 1591 1280 1924 1862 1517 1233 1972 1042 1020 1863 1875 1570 1842 1319 1154 1663 1754 1747 1557 1614 1527 1231 1351 1115 1895 1498 1665 1592 1151 1926 1042 1052 1531 1474 1407 1162 BCNSPRNW ULIB Ver.6.0+V

เปลี่ยนเป็นภาษาไทย

Change to English
 แสดงรายละเอียดบรรณานุกรม
  กลับหน้าหลัก

Brief Record : Get Marc (ISO 2709) : E-mail record : QR code < ปิดหน้าต่าง
LEADER : 00000nam 2200000uu 4500
001    13399109814
003     ULIB
008    110411s2552||||th 000 0 tha d
020    9786165510110
060 04 WC500^bน243ก 2552
100 0  นรินทร์ หิรัญสุทธิกุล
245 10 การติดเชื้อไวรัสตับอักเสบบีไวรัสตับอักเสบซีและเอชไอวีในบุคลากรทางการแพทย์จากการทำงาน :^bระบาดวิทยาและการป้องกัน /^cนรินทร์ หิรัญสุทธิกุล
250    พิมพ์ครั้งที่ 1
260    กรุงเทพฯ :^bเท็กซ์ แอนด์ เจอร์นัล พับลิเคชั่น,^c2552
300    xvii, 272 หน้า :^bภาพประกอบ ;^c26 ซม.
650  7 การติดเชื้อ^xการป้องกันและรั กษา
650  7 การติดเชื้อในโรงพยาบาล^xการป้องกันและรักษา
650  7 การติดเชื้อเอชไอวี^xการป้องกันและรักษา
650  7 บุคลากรทางการแพทย์^xการติดเชื้อ^xการป้องกันและรักษา
650  7 ไวรัสตับอักเสบซี^xการติดเชื้อ^xการป้องกันและรักษา
650  7 ไวรัสตับอักเสบบี^xการติดเชื้อ^xการป้องกันและรักษา
945    ^p360^l0^i027074
945    ^p360^l0^i027073
945    ^p360^l0^i027072
995    ทศพร
999 ^a ใช้งานได้ทุกระบบ
รายการนี้ยังไม่มีแท็ก
คุณยังไม่ได้ล็อกอิน คุณสามารถมีกิจกรรมร่วมกับเว็บไซต์ได้ แต่ต้องล็อกอินก่อน ::
  ล็อกอิน

รายการสื่อสารสนเทศ

ลำดับที่ ประเภท เลขเรียก/บาร์โค้ด สถานที่ สถานะ
- ไม่พบข้อมูล -

รายการใกล้เคียง
    ผู้แต่ง [นรินทร์ หิรัญสุทธิกุล]

BibComment


ยังไม่เคยถูกคอมเมนท์

คอมเมนท์ทรัพยากรรายการนี้
  คอมเมนท์: การติดเชื้อไวรัสต..


 Copyright 2026. Bcnsprnw @Library